000 00667nam a22002297a 4500
003 UA-OsUOA
001 50673
007 ta
008 20140625b un ||||| |||| 00| 0 ukr d
090 _a82
_bТ28
942 _cBK
040 _aUA-OsUOA
_bukr
_cUA-OsUOA
_dUA-OsUOA
245 _aТвори Василя Гренджі-Донського
300 _a562 с.
955 _a1
041 _aukr
080 _a82
260 _aВашінгтон
_c1992
650 7 _a82 Література. Літературознавство
_2UDC
999 _c430801
_d430801